| 000 | 00418nam a22001697a 4500 | ||
|---|---|---|---|
| 003 | NUST - PNEC | ||
| 005 | 20170116181152.0 | ||
| 008 | 151202b xxu||||| |||| 00| 0 eng d | ||
| 020 | _a- | ||
| 040 | _cLIBRARY | ||
| 082 | _a770 BER | ||
| 100 |
_915510 _aArthus-Bertrand, Yann |
||
| 245 |
_a Paris vu du ciel _cBertrand, Yann Arthus- |
||
| 260 | _c- | ||
| 650 |
_915511 _aFrance--Paris _xGeneral |
||
| 942 |
_2ddc _cBK |
||
| 999 |
_c70994 _d70994 |
||